Language Quiz

Random Language Quiz

Top 10 Most Important Languages Quiz Stats

 Plays Quiz not verified by Sporcle

Support Sporcle.
Go Orange.
Score 0/10 Timer 02:00
0 Plays Today
Rank # Language % Correct
1English
100%
2Spanish
98.9%
3Mandarin
96.8%
5French
96.8%
7German
96.8%
4Arabic
90.5%
6Russian
90%
8Japanese
90%
9Portuguese
86.3%
10Hindi
81.1%

You're not logged in!

Compare scores with friends on all Sporcle quizzes.
OR
Log In

From the Vault

1st Letter US Presidents 5 to 1

by sproutcm

Who says that presidents have nothing in common?
Remove Ads.
Support Sporcle.
Get the best of Sporcle when you Go Orange. This ad-free experience offers more features, more stats, and more fun while also helping to support Sporcle. Thank you for becoming a member.

Show Comments

Extras

Created Mar 1, 2016SourceReportNominate
Tags:important, Learn

Top Quizzes Today


Score Distribution

Your Account Isn't Verified!

In order to create a playlist on Sporcle, you need to verify the email address you used during registration. Go to your Sporcle Settings to finish the process.

Report this User

Report this user for behavior that violates our Community Guidelines.

Details: